000 00427nam a2200181Ia 4500
008 210210b1971 xxu||||| |||| 00| 0 eng d
082 _a821.912 COWC
100 _aCOWELL (Raymond)
245 _aCritics on yeats
260 _aLondon
_bGeorge Allen & Unwin Ltd.
_c1971
300 _a114
650 _aYeats Critics
650 _ayeats
650 _aon
650 _aCritics
690 _aEnglish Poetry
906 _a030329
999 _c81498
_d81498